Normal view
MARC view
- Pharmacology - M Phil Theses.
Entry Topical Term
001 - CONTROL NUMBER
- control field: 30568
003 - CONTROL NUMBER IDENTIFIER
- control field: NUST
005 - DATE AND TIME OF LATEST TRANSACTION
- control field: 20200922161919.0
008 - FIXED-LENGTH DATA ELEMENTS
- fixed length control field: 200922|| aca||aabn | a|a d
040 ## - CATALOGING SOURCE
- Original cataloging agency: NUST
- Transcribing agency: NUST
150 ## - HEADING--TOPICAL TERM
- Topical term or geographic name entry element: Pharmacology - M Phil Theses.
670 ## - SOURCE DATA FOUND
- Source citation: Work cat.: (NUST): Sharif, Mahjabeen 30567, Attenuation of Insulin Induced Bronchoconstriction with Antiasthmatic Drugs on Isolated Tracheal Smooth Muscle of Guinea Pig in Vitro /, 2012.
